| 000 | 004750000a22001810004500 | ||
|---|---|---|---|
| 003 | MACL | ||
| 005 | 20151231171306.0 | ||
| 008 | 151231b xxu||||| |||| 00| 0 eng d | ||
| 040 |
_aMACL _cMACL |
||
| 041 | _aEnglish | ||
| 082 | _a330/MAH | ||
| 100 |
_aMaheshwari, P.D. _926038 |
||
| 245 |
_aTowards the Theory of value _bFocus on David Ricardo |
||
| 260 |
_bProgress Publishers _c1978 _aBhopal |
||
| 350 | _a27.00 | ||
| 650 |
_aEconomics _926039 |
||
| 942 |
_cBK _k330/MAH _2ddc |
||
| 999 |
_c37515 _d37515 |
||